[Event "BCF-ch rapidplay 26th"]
[Site "Leeds"]
[Date "2012.11.25"]
[Round "7"]
[White "Woolley, Jos"]
[Black "Hawkins, Jonathan J"]
[Result "0-1"]
[WhiteElo "2110"]
[BlackElo "2511"]
[PlyCount "64"]
[EventDate "2012.11.24"]
[EventType "swiss (rapid)"]
[EventRounds "11"]
[EventCountry "ENG"]
[SourceTitle "CBM 151 Extra"]
[Source "ChessBase"]
[SourceDate "2012.12.18"]
[SourceVersion "1"]
[SourceVersionDate "2012.12.18"]
[SourceQuality "1"]

1. g3 g6 2. Bg2 Bg7 3. Nf3 d6 4. d4 Nc6 5. d5 Ne5 6. Nxe5 Bxe5 7. 0-0 Bg4 8. Nd2 Bg7 9. Nf3 Qd7 10. Qd3 Nf6 11. Qb3 0-0 12. Qxb7 Rfb8 13. Qc6 Qxc6 14. dxc6 e5 15. c4 Ne4 16. Rb1 Nc3 17. Be3 Nxb1 18. Rxb1 Bf5 19. Rd1 Rxb2 20. c5 dxc5 21. Ng5 h6 22. Ne4 Rxe2 23. Nxc5 Rxa2 24. Bd5 Ra3 25. Nb7 Rd3 26. Rxd3 Bxd3 27. Bc5 a5 28. Be7 g5 29. Nd8 Bg6 30. Nb7 a4 31. Bd8 a3 32. Ba2 Ra6 0-1

[Event "BCF-ch rapidplay"]
[Site "Halifax"]
[Date "2010.11.21"]
[Round "10"]
[White "Howell, David"]
[Black "Woolley, Jos"]
[Result "1-0"]
[WhiteElo "2611"]
[BlackElo "2099"]
[PlyCount "68"]
[EventDate "2010.11.20"]
[EventType "swiss (rapid)"]
[EventRounds "11"]
[EventCountry "ENG"]
[SourceTitle "EXT 2011"]
[Source "ChessBase"]
[SourceDate "2010.11.26"]
[SourceVersion "1"]
[SourceVersionDate "2010.11.26"]
[SourceQuality "1"]

1. e4 g6 2. d4 Bg7 3. Nc3 d6 4. f4 a6 5. Nf3 e6 6. Bd3 Ne7 7. Be3 Nbc6 8. Qd2 Nb4 9. Be2 d5 10. e5 Nf5 11. Bf2 h5 12. g3 Bf8 13. h3 h4 14. g4 Ng3 15. Bxg3 hxg3 16. Kf1 c5 17. Kg2 Nc6 18. Nd1 g5 19. c3 Qb6 20. fxg5 Bd7 21. Kxg3 0-0-0 22. Nf2 Be7 23. h4 Kb8 24. Raf1 Rdg8 25. b3 Qd8 26. Nd3 cxd4 27. cxd4 Qf8 28. Nf4 Bb4 29. Qe3 Ba5 30. Nh5 f5 31. exf6 Bc7+ 32. Kg2 Rxh5 33. gxh5 Qxf6 34. Ne5 Bxe5 1-0

[Event "BCF-ch rapidplay"]
[Site "Halifax"]
[Date "2010.11.20"]
[Round "3"]
[White "Woolley, Jos"]
[Black "Turner, Matthew"]
[Result "1/2-1/2"]
[WhiteElo "2099"]
[BlackElo "2517"]
[PlyCount "99"]
[EventDate "2010.11.20"]
[EventType "swiss (rapid)"]
[EventRounds "11"]
[EventCountry "ENG"]
[SourceTitle "EXT 2011"]
[Source "ChessBase"]
[SourceDate "2010.11.26"]
[SourceVersion "1"]
[SourceVersionDate "2010.11.26"]
[SourceQuality "1"]

1. b3 d5 2. Nf3 Nf6 3. Bb2 c6 4. e3 Bg4 5. h3 Bxf3 6. Qxf3 Nbd7 7. d4 e6 8. Bd3 Bb4+ 9. c3 Bd6 10. Qe2 e5 11. dxe5 Bxe5 12. 0-0 0-0 13. Nd2 Qa5 14. Rfc1 Rfe8 15. Nf3 Bd6 16. c4 Ba3 17. Rd1 Bxb2 18. Qxb2 Qb4 19. a3 Qe7 20. Bf1 a5 21. Nd4 Qe5 22. Qc2 g6 23. cxd5 Nxd5 24. Rac1 N7f6 25. Nf3 Qe7 26. Qb2 Rad8 27. Rd4 Nb6 28. Rcd1 Rxd4 29. Qxd4 Nbd5 30. a4 Qe4 31. Bc4 Qxd4 32. Rxd4 Kf8 33. Bxd5 Nxd5 34. Nd2 Nb6 35. e4 Ke7 36. Kf1 Rd8 37. Rxd8 Kxd8 38. Ke2 Ke7 39. Kd3 Nd7 40. f4 b5 41. Kd4 f6 42. g4 h6 43. h4 g5 44. fxg5 fxg5 45. hxg5 hxg5 46. e5 c5+ 47. Kd5 bxa4 48. bxa4 Nb6+ 49. Kxc5 Nxa4+ 50. Kb5 1/2-1/2

[Event "BCF-chT3 0708 (4NCL)"]
[Site "Sunningdale"]
[Date "2008.05.05"]
[Round "11.5"]
[White "Woolley, Jos"]
[Black "Ethelontis, Alexandros N"]
[Result "1/2-1/2"]
[WhiteElo "2101"]
[BlackElo "2160"]
[PlyCount "84"]
[EventDate "2007.09.15"]
[EventType "team-tourn"]
[EventRounds "11"]
[EventCountry "ENG"]
[SourceTitle "EXT 2023"]
[Source "ChessBase"]
[SourceDate "2022.10.05"]
[SourceVersion "1"]
[SourceVersionDate "2022.10.05"]
[SourceQuality "1"]
[WhiteTeam "Pandoras Box"]
[BlackTeam "Jutes of Kent"]
[WhiteTeamCountry "ENG"]
[BlackTeamCountry "ENG"]

1. b3 e5 2. Bb2 Nc6 3. e3 Nf6 4. Bb5 Bd6 5. Nf3 e4 6. Nh4 Be5 7. Bxe5 Nxe5 8. f4 exf3 9. Nxf3 Qe7 10. Nc3 c6 11. Be2 d5 12. 0-0 Neg4 13. Qe1 h5 14. h3 Qd6 15. Bd3 Ne5 16. Qg3 Nxf3+ 17. Rxf3 Qxg3 18. Rxg3 Kf8 19. b4 Be6 20. Rb1 h4 21. Rf3 Nd7 22. Rf2 Ke7 23. Ne2 Ne5 24. Nd4 Nxd3 25. cxd3 f6 26. Rb3 Rhc8 27. Rf1 Bd7 28. Rc1 Kd6 29. Nf3 g5 30. d4 Rg8 31. Kf2 Rae8 32. Ne1 Re7 33. Nd3 Bf5 34. Nc5 g4 35. hxg4 Rxg4 36. Rh1 Reg7 37. Rh2 Be4 38. Nxe4+ dxe4 39. Rc3 R7g5 40. Rc5 Rxc5 41. bxc5+ Kd5 42. Rh1 b5 1/2-1/2

[Event "Cappelle op 24th"]
[Site "Cappelle la Grande"]
[Date "2008.02.16"]
[Round "1"]
[White "Woolley, Jos"]
[Black "Grabinsky, Vladimir"]
[Result "0-1"]
[WhiteElo "2098"]
[BlackElo "2295"]
[PlyCount "47"]
[EventDate "2008.02.16"]
[EventType "swiss"]
[EventRounds "9"]
[EventCountry "FRA"]
[SourceTitle "CBM 122 Extra"]
[Source "ChessBase"]
[SourceDate "2008.03.04"]
[SourceVersion "1"]
[SourceVersionDate "2008.03.04"]
[SourceQuality "1"]

1. e4 c5 2. Nf3 e6 3. Nc3 a6 4. g3 Nc6 5. Bg2 Nf6 6. d4 cxd4 7. Nxd4 Qc7 8. 0-0 Be7 9. Re1 0-0 10. Nxc6 dxc6 11. e5 Rd8 12. Qe2 Nd5 13. Bd2 b5 14. Ne4 Qxe5 15. c4 bxc4 16. Qxc4 Qxb2 17. Ba5 Rf8 18. Rab1 Qa3 19. Bd2 Rd8 20. Red1 Bd7 21. Rb3 Qxa2 22. Bc3 Rab8 23. Nd2 Qc2 24. Rdb1 0-1

[Event "BCF-chT3 0708 (4NCL)"]
[Site "Sunningdale"]
[Date "2008.01.13"]
[Round "6.5"]
[White "Gregory, Stephen J"]
[Black "Woolley, Jos"]
[Result "1-0"]
[WhiteElo "2161"]
[BlackElo "2098"]
[PlyCount "55"]
[EventDate "2007.09.15"]
[EventType "team-tourn"]
[EventRounds "11"]
[EventCountry "ENG"]
[SourceTitle "EXT 2023"]
[Source "ChessBase"]
[SourceDate "2022.10.05"]
[SourceVersion "1"]
[SourceVersionDate "2022.10.05"]
[SourceQuality "1"]
[WhiteTeam "Anglian Avengers"]
[BlackTeam "Pandoras Box"]
[WhiteTeamCountry "ENG"]
[BlackTeamCountry "ENG"]

1. e4 e5 2. Bc4 Nf6 3. Qe2 Nc6 4. Nf3 Be7 5. c3 0-0 6. d3 d6 7. Nbd2 Na5 8. Bb5 a6 9. Ba4 b5 10. Bc2 c5 11. h3 Nc6 12. Nf1 Re8 13. Ng3 h6 14. 0-0 Bf8 15. Nh2 g6 16. f4 exf4 17. Bxf4 d5 18. Qf2 dxe4 19. dxe4 Be6 20. Rad1 Qb6 21. Bd6 Nd7 22. Bxf8 Rxf8 23. Nf5 c4 24. Qxb6 Nxb6 25. Rd6 Nc8 26. Nxh6+ Kg7 27. Rxc6 Ne7 28. Rc7 1-0

[Event "Cappelle op 17th"]
[Site "Cappelle la Grande"]
[Date "2001.03.02"]
[Round "8"]
[White "Woolley, Jos"]
[Black "Grabarczyk, Miroslaw"]
[Result "0-1"]
[WhiteElo "2047"]
[BlackElo "2489"]
[PlyCount "57"]
[EventDate "2001.02.24"]
[EventType "swiss"]
[EventRounds "9"]
[EventCountry "FRA"]
[SourceTitle "CBM 080 Extra"]
[Source "ChessBase"]
[SourceDate "2001.03.08"]
[SourceVersion "1"]
[SourceVersionDate "2001.03.08"]
[SourceQuality "1"]

1. e4 e5 2. Nf3 Nc6 3. Bb5 Nf6 4. 0-0 Nxe4 5. d4 Nd6 6. Bxc6 dxc6 7. dxe5 Nf5 8. Qxd8+ Kxd8 9. Nc3 Bd7 10. Rd1 Kc8 11. Ng5 Be8 12. b3 h6 13. Nge4 a5 14. g4 Nh4 15. f4 Bd7 16. e6 fxe6 17. Kf2 Ng6 18. Kg3 c5 19. Bb2 h5 20. gxh5 Rxh5 21. Ne2 b6 22. Rd3 Bc6 23. Ng5 e5 24. Ne6 Bd6 25. fxe5 Nxe5 26. Rxd6 cxd6 27. N2f4 Rf5 28. h4 Kd7 29. h5 0-1

[Event "Agneaux St Lo Masters-B"]
[Site "Agneaux"]
[Date "2001.??.??"]
[Round "1"]
[White "Gallot, Nicolas"]
[Black "Woolley, Jos"]
[Result "1-0"]
[WhiteElo "2103"]
[BlackElo "2047"]
[PlyCount "65"]
[EventDate "2001.07.??"]
[EventType "tourn"]
[EventRounds "9"]
[EventCountry "FRA"]
[SourceTitle "EXT 2002"]
[Source "ChessBase"]
[SourceDate "2001.11.25"]
[SourceVersion "1"]
[SourceVersionDate "2001.11.25"]
[SourceQuality "1"]

1. c4 g6 2. Nc3 Bg7 3. g3 e5 4. Bg2 Nc6 5. Nf3 Nd4 6. 0-0 Ne7 7. b4 0-0 8. Bb2 d6 9. e3 Nxf3+ 10. Bxf3 Be6 11. Nd5 c6 12. Nxe7+ Qxe7 13. Rc1 d5 14. b5 dxc4 15. bxc6 bxc6 16. Qa4 Rfd8 17. Bxc6 Rab8 18. Bc3 h5 19. Rb1 Rdc8 20. Rxb8 Rxb8 21. f4 exf4 22. Bxg7 Kxg7 23. Rxf4 Qd6 24. Rd4 Rb1+ 25. Kg2 Qc5 26. Be4 Rc1 27. Qe8 Qf8 28. Qc6 h4 29. Qc7 h3+ 30. Kf2 Qc8 31. Qe5+ Kg8 32. Qf6 c3 33. Rd8+ 1-0

[Event "Rijeka IM-B"]
[Site "Rijeka"]
[Date "2001.??.??"]
[Round "11"]
[White "Woolley, Jos"]
[Black "Doric, Nenad"]
[Result "1/2-1/2"]
[WhiteElo "2047"]
[BlackElo "2363"]
[PlyCount "63"]
[EventDate "2001.??.??"]
[EventType "swiss"]
[EventRounds "5"]
[EventCountry "CRO"]
[SourceTitle "EXT 2002"]
[Source "ChessBase"]
[SourceDate "2001.11.25"]
[SourceVersion "1"]
[SourceVersionDate "2001.11.25"]
[SourceQuality "1"]

1. e4 d5 2. exd5 Qxd5 3. Nc3 Qa5 4. d4 c6 5. Bc4 Bf5 6. Bd2 e6 7. Qe2 Nf6 8. 0-0-0 Bb4 9. a3 Bxc3 10. Bxc3 Qc7 11. Nf3 Nbd7 12. Ne5 Nxe5 13. dxe5 Nd5 14. Bd2 0-0-0 15. g4 Bg6 16. f4 h5 17. h3 hxg4 18. hxg4 Qb6 19. Rhf1 Rh3 20. f5 exf5 21. e6 Qc7 22. Bxd5 cxd5 23. Bf4 Qe7 24. Qe5 fxe6 25. Rh1 Rxh1 26. Rxh1 Rf8 27. Rh3 Kd7 28. Rc3 Rc8 29. Rxc8 Kxc8 30. Qb8+ Kd7 31. Qxb7+ Ke8 32. Qb8+ 1/2-1/2

[Event "Rijeka IM-B"]
[Site "Rijeka"]
[Date "2001.??.??"]
[Round "5"]
[White "Woolley, Jos"]
[Black "Medancic, Rikard"]
[Result "0-1"]
[WhiteElo "2047"]
[BlackElo "2285"]
[PlyCount "121"]
[EventDate "2001.??.??"]
[EventType "swiss"]
[EventRounds "5"]
[EventCountry "CRO"]
[SourceTitle "EXT 2002"]
[Source "ChessBase"]
[SourceDate "2001.11.25"]
[SourceVersion "1"]
[SourceVersionDate "2001.11.25"]
[SourceQuality "1"]

1. e4 e5 2. Nf3 Nc6 3. Bb5 a6 4. Ba4 d6 5. Bxc6+ bxc6 6. d4 f6 7. 0-0 Ne7 8. Be3 g6 9. c4 Bg7 10. Nc3 exd4 11. Nxd4 0-0 12. Qd2 Re8 13. Rac1 c5 14. Nde2 Be6 15. b3 Bf7 16. Nd5 Nc6 17. Nec3 Nb4 18. Rfe1 a5 19. f3 Nxd5 20. exd5 f5 21. g3 Qb8 22. Kg2 Qb7 23. Rcd1 Qc8 24. a4 Qd8 25. Nb5 Bf6 26. h4 Qd7 27. Bg5 Be5 28. Bh6 Bf6 29. Bg5 Be5 30. Re2 c6 31. dxc6 Qxc6 32. Rde1 h6 33. Bxh6 Red8 34. h5 Kh7 35. hxg6+ Bxg6 36. Rh1 Kg8 37. Qg5 Kf7 38. Qd2 Bf6 39. Nc3 Rab8 40. Nd5 Rxb3 41. Qf4 Rb2 42. Rxb2 Bxb2 43. Qg5 Re8 44. Nf4 d5 45. Rb1 Rb8 46. Nxd5 Bf6 47. Qc1 Rxb1 48. Qxb1 f4 49. Qb8 Bc2 50. Qf8+ Kg6 51. Bxf4 Qe6 52. Be3 Qe5 53. Qg8+ Bg7 54. g4 Bb1 55. Nf4+ Kh6 56. Nh5+ Kg6 57. Nf4+ Kh6 58. Qd8 Kh7 59. Nd5 Bg6 60. Qd7 Bc2 61. Qe8 0-1

[Event "Rijeka IM-B"]
[Site "Rijeka"]
[Date "2001.??.??"]
[Round "2"]
[White "Woolley, Jos"]
[Black "Palkovi, Jozsef"]
[Result "1-0"]
[WhiteElo "2047"]
[BlackElo "2454"]
[PlyCount "100"]
[EventDate "2001.??.??"]
[EventType "swiss"]
[EventRounds "5"]
[EventCountry "CRO"]
[SourceTitle "EXT 2002"]
[Source "ChessBase"]
[SourceDate "2001.11.25"]
[SourceVersion "1"]
[SourceVersionDate "2001.11.25"]
[SourceQuality "1"]

1. Nf3 c5 2. e4 a6 3. c3 d6 4. d4 Qc7 5. Bd3 g6 6. 0-0 Bg7 7. h3 Nd7 8. Re1 e5 9. d5 Ne7 10. c4 0-0 11. Nc3 h6 12. Qc2 f5 13. exf5 gxf5 14. Nh2 b5 15. cxb5 c4 16. Bf1 Bb7 17. bxa6 Bxa6 18. Be3 f4 19. Bd2 Nf5 20. Rad1 Nc5 21. Nf3 Qb7 22. Bc1 Nd4 23. Qg6 Rf6 24. Qh5 Rf5 25. Qg4 Nxf3+ 26. Qxf3 Nd3 27. Rxd3 cxd3 28. Bxd3 Bxd3 29. Qxd3 Raf8 30. f3 Qb6+ 31. Kh1 Qf2 32. Rf1 Qd4 33. Qe2 R5f6 34. Rd1 Qa7 35. Ne4 Rg6 36. b3 Ra8 37. a4 Bf8 38. Qc2 Qg7 39. Ba3 Ra7 40. Rc1 Kh8 41. Qc8 Qg8 42. g4 fxg3 43. Kg2 Rf7 44. Qa8 Rf4 45. Rc8 Rxf3 46. Bxd6 Rxd6 47. Kxf3 g2 48. Rxf8 Rg6 49. Rxg8+ Rxg8 50. Qxg8+ Kxg8 1-0